| 000 | 00964cab a2200265 4500 | ||
|---|---|---|---|
| 001 | ABS60071 | ||
| 008 | 090401t1999 xxu||||| |||| 00| 0 eng d | ||
| 035 | _a(Sirsi) u91337 | ||
| 041 | _aeng | ||
| 100 | _aShadbolt, R.A. | ||
| 245 | _aResolution of construction disputes by disputes review boards | ||
| 260 | _c1999 | ||
| 350 | _a0 | ||
| 490 |
_aInternational Construction Law Review _v16(1) January 1999, 101-111(6) |
||
| 520 | _aLooks at the dispute resolution process in construction projects. Focuses in particular on the mechanisms available for international contracts. | ||
| 650 | _aCONSTRUCTION DISPUTES | ||
| 650 | _aDEVELOPING COUNTRIES | ||
| 650 |
_aDISPUTE RESOLUTION _96236 |
||
| 650 | _aDISPUTES REVIEW BOARDS | ||
| 650 | _aINTERNATIONAL CONTRACTS | ||
| 650 | _aMAJOR PROJECTS | ||
| 690 | _aMANAGEMENT-DISPUTE AVOIDANCE, MANAGEMENT AND RESOLUTION-DISPUTE MANAGEMENT AND RESOLUTION-ARBITRATION | ||
| 942 | _n0 | ||
| 948 | _c16/02/1999 | ||
| 999 |
_c57964 _d57964 |
||